| 000 | 00818nam a22002417a 4500 | ||
|---|---|---|---|
| 999 |
_c5377 _d5377 |
||
| 003 | AR-CdUCM | ||
| 008 | 190312b ||||| |||| 00| 0 spa d | ||
| 040 |
_aMUNICIPALIDAD PROVINCIAL DEL CUSCO _cBIBLIOTECA MUNICIPAL DEL CUSCO |
||
| 041 | _heng | ||
| 082 |
_a818.5 / _bF87 |
||
| 100 |
_aFrench, Warren. _916212 |
||
| 245 | _aJohn Steinbeck / | ||
| 260 |
_aBuenos Aires : E _bEdit. Pleamar, _c1974. |
||
| 300 |
_a238 paginas , _c20 cm. |
||
| 500 | _aTitulo original :John Steinbeck | ||
| 505 | _aEl autor y el hombre -- El californiano ambicioso -- El neoyorkino -- Releyendo praderas del cielo -- Fin de un sueño... | ||
| 650 |
_aBiografías _9148 |
||
| 650 |
_aSiglo XX _98 |
||
| 650 |
_aNovela Norteamericana _916213 |
||
| 700 |
_aMirlas, León (Traductor) _916214 |
||
| 942 |
_2ddc _cLIBROS |
||
| 945 | _awnts | ||